Encontrar el sentido a los datos cualitativos : (Record no. 64064)

MARC details
000 -LEADER
campo de control de longitud fija 00612nmm a2200193Ia 4500
008 - DATOS DE LONGITUD FIJA--INFORMACIÓN GENERAL
campo de control de longitud fija 251105s9999||||xx |||||||||||||||||und||
020 ## - NÚMERO INTERNACIONAL ESTÁNDAR DEL LIBRO
Número Internacional Estándar del Libro 8479088311
041 ## - CÓDIGO DE IDIOMA
Código de lengua del texto/banda sonora o título independiente spa
100 ## - ENTRADA PRINCIPAL--NOMBRE DE PERSONA
Nombre de persona Coffey, A.
245 #0 - MENCIÓN DEL TÍTULO
Título Encontrar el sentido a los datos cualitativos :
Resto del título Estrategias complementarias de investigación
264 ## - PRODUCCIÓN, PUBLICACIÓN, DISTRIBUCIÓN, FABRICACIÓN Y COPYRIGHT
Producción, publicación, distribución, fabricación y copyright [Madrid, España] :
Nombre del de productor, editor, distribuidor, fabricante Publicaciones de la Universidad de Alicante,
Fecha de producción, publicación, distribución, fabricación o copyright 2005
300 ## - DESCRIPCIÓN FÍSICA
Extensión 264 páginas
490 ## - MENCIÓN DE SERIE
Mención de serie Ciencias de la Salud
650 ## - PUNTO DE ACCESO ADICIONAL DE MATERIA--TÉRMINO DE MATERIA
Término de materia o nombre geográfico como elemento de entrada Sociology
700 ## - ENTRADA AGREGADA--NOMBRE PERSONAL
Nombre de persona Coffey, A.
700 1# - ENTRADA AGREGADA--NOMBRE PERSONAL
Nombre de persona Atkinson, P.
856 ## - LOCALIZACIÓN Y ACCESO ELECTRÓNICOS
Identificador Uniforme de Recursos <a href="https://public.digitaliapublishing.com/a/626">https://public.digitaliapublishing.com/a/626</a>
942 ## - ELEMENTOS DE ENTRADA SECUNDARIOS (KOHA)
Tipo de ítem Koha Libro Digital

No items available.

Powered by Koha